Celebrities that have appeared on the show Friends - UPDATED - Statistics

General Stats
  • This quiz has been taken 734 times
    717 since last reset
  • The average score is 14 of 61
Answer Stats
Character Answer % Correct
Mike Hannigan Paul Rud
81%
Richard Burke Tom Selleck
72%
Jill Green Reese Witherspoon
66%
Will Colbert Brad Pitt
65%
Paul Stevens Bruce Willis
60%
Ralph Lauren Ralph Lauren
54%
Amy Green Christina Applegate
53%
Susie Moss Julia Roberts
52%
Jean-Claude Van Damme Jean-Claude Van Damme
48%
Ben Geller Cole Sprouse
46%
Roy, the Stripper Danny DeVito
45%
Ryan, Navy Guy Charlie Sheen
37%
Parker Alec Baldwin
35%
Donny Osmond Donny Osmond
35%
Tommy, Screaming Guy Ben Stiller
32%
Erica Anna Faris
31%
Chandler's Dad Kathleen Turner
30%
Eric Sean Penn
30%
Dr. Michael Mitchell George Clooney
29%
Jessica Lockhart Susan Sarandon
29%
Janine Lecroix Elle Macpherson
27%
Mackenzie, "Ghost" Girl in House Dakota Fanning
26%
The Gentleman on the Plane Hugh Laurie
26%
Sandy, Male Nanny Freddie Prinze Jr
25%
Emily's Mom Jennifer Saunders
25%
Malcolm, Stalker Guy David Arquette
22%
Pete Becker Jon Favreau
21%
Melissa Warburton Winona Ryder
21%
Cassie Geller Denise Richards
20%
Erika Ford Brooke Shields
17%
Tag Jones Eddie Cahill
15%
Steve, The Stoned Guy Jon Lovitz
13%
Joshua Burgin Tate Donovan
13%
Eddie, Chandler's Roomate Adam Goldberg
11%
Earl, Suicide Guy Jason Alexander
11%
Zack, Chandler's Work Friend John Stamos
11%
Wendy from Tulsa Selma Blair
11%
Gavin Mitchell Dermot Mulroney
10%
Richard Grosby Gary Oldman
10%
Dr. Benjamin Hobart Greg Kinnear
10%
Leonard Hayes Jeff Goldbloom
9%
Amanda Buffamonteezi Jennifer Coolidge
9%
Mona Bonnie Somerville
8%
Bonnie Christine Taylor
8%
Alice Knight Debra Jo Rupp
7%
Missy Goldberg Ellen Pompeo
7%
Erin, Joey's Girlfriend Kristin Davis
7%
Lydia, Joey's Pregnant Friend Leah Remini
5%
Duncan Steve Zahn
5%
Ellen, Realator Jane Lynch
4%
Ross's Unfriendly Neighbor Willie Garson
3%
Jessica Ashley Alison Sweeney
2%
Name Change Clerk Craig Robinson
2%
Lelani Mayolanofavich Emily Osment
2%
Ginger, Fake Leg Sherilyn Fenn
2%
Guy on Plane with Left Phalange Jim Rash
1%
Hillary Missi Pyle
1%
Joey's Hand Twin Thomas Lennon
1%
Kyle, Hums While He Pee's David Sutcliffe
0%
Policeman Mark Consuelos
0%
Mr. Treeger Mike Hagerty
0%
No matching quizzes found
Score Distribution
Percent of People with Each Score
Percentile by Number Answered
Your Score History
You have not taken this quiz since the last reset